000 00459nam a2200169 a 4500
001 0000-8628
003 ELIB.Books
008 110520 2002
035 _a(ELIB.Books)0000-8774
082 _aB.Th
_bJeh
100 _aJehosheba Tun, Naw
245 _aThe Women who Anti-Jehovah Jezebel and Athaliah
260 _bInsein: Karen Baptist Theolgical Seminary
_c2002
650 _aThesis
942 _2ddc
_cBK
998 _cbat
_e2011-05-20
999 _c8628
_d8628